Statistics for Progress Wrestling World Champions

Click here to take the quiz!

General Stats

  • This quiz has been taken 30 times
    (6 since last reset)
  • The average score is 9 of 18

Answer Stats

Title ReignsLast WonChampion% Correct
12013Jimmy Havoc
100%
12018Walter
100%
12015Will Ospreay
100%
12020Cara Noir
75%
22016Marty Scurll
75%
12016Pete Dunne
75%
12022Chris Ridgeway
50%
12012El Ligero
50%
12022Jonathan Gresham
50%
12016Mark Haskins
50%
12013Rampage Brown
50%
12022Spike Trivet
50%
12017Travis Banks
50%
12019Eddie Dennis
25%
12012Nathan Cruz
25%
12022Big Damo
0%
12013Mark Andrews
0%
12016Pastor William Eaver
0%

Score Distribution

Percentile by Number Answered

Percent of People with Each Score

Your Score History

You have not taken this quiz since the last reset